[Event "Mecklenburg VP LL2 Ost 1516"]
[Site "Mecklenburg VP"]
[Date "2016.04.10"]
[Round "8.5"]
[White "Poppe, Thomas"]
[Black "Hollender, Dirk"]
[Result "1-0"]
[WhiteElo "1670"]
[BlackElo "1679"]
[PlyCount "73"]
[EventDate "2015.09.20"]
[EventType "team-tourn"]
[EventRounds "9"]
[EventCountry "GER"]
[SourceTitle "EXT 2022"]
[Source "ChessBase"]
[SourceDate "2021.10.06"]
[SourceVersion "1"]
[SourceVersionDate "2021.10.06"]
[SourceQuality "1"]
[WhiteTeam "Graal Mueritz"]
[BlackTeam "Neubrandenburg SG Eintracht III"]
[WhiteTeamCountry "GER"]
[BlackTeamCountry "GER"]

1. d4 d5 2. c4 e6 3. Nc3 c6 4. e4 dxe4 5. Nxe4 Nf6 6. Nxf6+ Qxf6 7. Nf3 Nd7 8. Be2 h6 9. 0-0 b6 10. Bd2 c5 11. Bc3 cxd4 12. Bxd4 e5 13. Nxe5 Nxe5 14. Bxe5 Qxe5 15. Bf3 Be6 16. Bxa8 Bd6 17. Bc6+ Ke7 18. g3 Rd8 19. Re1 Qxb2 20. Qe2 Qf6 21. Rad1 Kf8 22. Rd3 Kg8 23. Bd5 Bb4 24. Red1 Bxd5 25. Rxd5 Rxd5 26. Qe8+ Kh7 27. cxd5 Bc5 28. Qe2 g6 29. Kg2 h5 30. Qd2 Bd6 31. Qd4 Be5 32. Qa4 a5 33. Qc6 h4 34. Qxf6 Bxf6 35. d6 Kg7 36. d7 Bd8 37. Re1 1-0

[Event "Mecklenburg VP LL2 Ost 1415"]
[Site "Mecklenburg VP"]
[Date "2015.04.26"]
[Round "9.5"]
[White "Hollender, Dirk"]
[Black "Mueller, Michael"]
[Result "0-1"]
[WhiteElo "1672"]
[BlackElo "1794"]
[PlyCount "104"]
[EventDate "2014.09.21"]
[EventType "team-tourn"]
[EventRounds "9"]
[EventCountry "GER"]
[SourceTitle "EXT 2022"]
[Source "ChessBase"]
[SourceDate "2021.10.06"]
[SourceVersion "1"]
[SourceVersionDate "2021.10.06"]
[SourceQuality "1"]
[WhiteTeam "Neubrandenburg SG Eintracht III"]
[BlackTeam "Rostock SSC 07 III"]
[WhiteTeamCountry "GER"]
[BlackTeamCountry "GER"]

1. e4 e6 2. d3 d5 3. Nd2 Nf6 4. Ngf3 Bc5 5. Be2 Nc6 6. c3 dxe4 7. dxe4 0-0 8. 0-0 Qe7 9. b4 Bb6 10. Qc2 e5 11. Nc4 Nd7 12. Nxb6 axb6 13. b5 Na5 14. a4 Nc5 15. Ba3 Be6 16. Nd2 Rfd8 17. Rfd1 Rd7 18. c4 Rad8 19. Nf3 Rxd1+ 20. Rxd1 Rxd1+ 21. Qxd1 Bxc4 22. Bxc4 Nxc4 23. Bxc5 bxc5 24. Qd5 Nb6 25. Qxb7 Qd8 26. g3 Nxa4 27. Nxe5 Nc3 28. Qc6 h6 29. Kg2 Qe7 30. f4 f6 31. Qa8+ Kh7 32. Qh8+ Kxh8 33. Ng6+ Kg8 34. Nxe7+ Kf7 35. Nd5 Nxb5 36. Ne3 Ke6 37. Nc4 Nd6 38. f5+ Kd7 39. Nd2 c4 40. Kf3 c5 41. Ke3 c3 42. Nb3 c4 43. Nc1 Nb5 44. g4 Kd6 45. Na2 Ke5 46. h4 c2 47. Nc1 Nc3 48. Kd2 Nxe4+ 49. Kxc2 Kf4 50. g5 fxg5 51. hxg5 Kxg5 52. Ne2 Kxf5 0-1

[Event "Mecklenburg VP LL2 Ost 1314"]
[Site "Mecklenburg VP"]
[Date "2014.04.27"]
[Round "9.3"]
[White "Richter, Frank"]
[Black "Hollender, Dirk"]
[Result "1/2-1/2"]
[WhiteElo "1655"]
[BlackElo "1652"]
[PlyCount "47"]
[EventDate "2013.10.27"]
[EventType "team-tourn"]
[EventRounds "9"]
[EventCountry "GER"]
[SourceTitle "EXT 2022"]
[Source "ChessBase"]
[SourceDate "2021.10.06"]
[SourceVersion "1"]
[SourceVersionDate "2021.10.06"]
[SourceQuality "1"]
[WhiteTeam "Waterkant Saal SV"]
[BlackTeam "Neubrandenburg SV Turbine"]
[WhiteTeamCountry "GER"]
[BlackTeamCountry "GER"]

1. d4 Nf6 2. c4 g6 3. Nc3 Bg7 4. e4 d6 5. Nf3 Nbd7 6. Be2 0-0 7. 0-0 c5 8. d5 Ng4 9. Rb1 Nge5 10. Bd2 Nxf3+ 11. Bxf3 Ne5 12. Be2 f5 13. f4 Nf7 14. Bd3 Nh6 15. h3 fxe4 16. Bxe4 Bd4+ 17. Kh2 Nf5 18. Ne2 Bg7 19. Qe1 e5 20. b4 b6 21. bxc5 bxc5 22. g4 Nd4 23. Nxd4 exd4 24. Bd3 1/2-1/2

[Event "Mecklenburg VP LL2 Ost 1213"]
[Site "Mecklenburg VP"]
[Date "2012.12.09"]
[Round "4.6"]
[White "Hollender, Dirk"]
[Black "Mauser, Tassilo Tino"]
[Result "1/2-1/2"]
[WhiteElo "1650"]
[BlackElo "1525"]
[PlyCount "81"]
[EventDate "2012.10.14"]
[EventType "team-tourn"]
[EventRounds "9"]
[EventCountry "GER"]
[SourceTitle "EXT 2022"]
[Source "ChessBase"]
[SourceDate "2021.10.06"]
[SourceVersion "1"]
[SourceVersionDate "2021.10.06"]
[SourceQuality "1"]
[WhiteTeam "Neubrandenburg SV Turbine"]
[BlackTeam "Gryps SV"]
[WhiteTeamCountry "GER"]
[BlackTeamCountry "GER"]

1. e4 c5 2. c3 Nc6 3. Nf3 e6 4. g3 a6 5. Bg2 b5 6. 0-0 Bb7 7. Re1 Qc7 8. a4 Be7 9. Qe2 c4 10. Na3 Bxa3 11. Rxa3 Nge7 12. d4 cxd3 13. Qxd3 bxa4 14. Rd1 Rd8 15. Qd6 Qxd6 16. Rxd6 Nc8 17. Rd1 Nb6 18. Bf4 Nc4 19. Ra2 e5 20. Bc1 Nb6 21. Be3 Nc4 22. Bc5 d6 23. Ba3 N6a5 24. Nd2 Nxd2 25. Rxd2 Nc4 26. Rd1 Ke7 27. f3 Bc6 28. Bf1 Bb5 29. Bxc4 Bxc4 30. Raa1 Rd7 31. Bb4 Bb5 32. Rd2 Rc8 33. Rad1 Rc6 34. Kf2 f6 35. Ke3 g5 36. Rh1 Ke6 37. h4 h6 38. f4 g4 39. f5+ Ke7 40. h5 Rd8 41. Rh4 1/2-1/2

[Event "Ueckermuende op 6th"]
[Site "Ueckermuende"]
[Date "2007.09.02"]
[Round "5"]
[White "Buenz, Heinrich"]
[Black "Hollender, Dirk"]
[Result "1/2-1/2"]
[WhiteElo "1569"]
[BlackElo "1400"]
[PlyCount "104"]
[EventDate "2007.08.31"]
[EventType "swiss"]
[EventRounds "5"]
[EventCountry "GER"]
[SourceTitle "CBM 120 Extra"]
[Source "ChessBase"]
[SourceDate "2007.11.01"]
[SourceVersion "1"]
[SourceVersionDate "2007.11.01"]
[SourceQuality "1"]

1. Nf3 d5 2. c4 e6 3. g3 Nf6 4. Bg2 c6 5. cxd5 exd5 6. 0-0 Bg4 7. b3 Nbd7 8. d4 Bd6 9. Bb2 0-0 10. Nbd2 Re8 11. Rc1 Qa5 12. a3 Re7 13. b4 Qc7 14. Nb3 Rae8 15. Re1 Nb6 16. Na5 Nbd7 17. Nb3 Qd8 18. Nc5 Qb8 19. Qd3 Nf8 20. e3 Ng6 21. Nd2 h5 22. h3 Bc8 23. Nf1 Nf8 24. e4 Bxc5 25. dxc5 Nxe4 26. Bxe4 dxe4 27. Qc3 f6 28. h4 Bg4 29. Ne3 Bf3 30. Nf5 Re5 31. Nd6 Rd8 32. Qc4+ Rd5 33. Nxe4 Kh8 34. Nd6 Qc7 35. Re3 Bg4 36. Rce1 b5 37. Qc3 Kh7 38. Re7 Rd7 39. Qe3 Ng6 40. Re8 a5 41. Rc8 Qa7 42. Qe8 R7xd6 43. cxd6 Bxc8 44. Qxc8 Rxd6 45. Bc1 axb4 46. axb4 Qd7 47. Qxd7 Rxd7 48. Be3 Ne5 49. Rc1 Nc4 50. Bc5 Rd5 51. Ra1 Re5 52. Ra7 Re8 1/2-1/2

[Event "Ueckermuende op 6th"]
[Site "Ueckermuende"]
[Date "2007.09.02"]
[Round "4"]
[White "Hollender, Dirk"]
[Black "Betke, Arno"]
[Result "0-1"]
[WhiteElo "1400"]
[BlackElo "1539"]
[PlyCount "134"]
[EventDate "2007.08.31"]
[EventType "swiss"]
[EventRounds "5"]
[EventCountry "GER"]
[SourceTitle "CBM 120 Extra"]
[Source "ChessBase"]
[SourceDate "2007.11.01"]
[SourceVersion "1"]
[SourceVersionDate "2007.11.01"]
[SourceQuality "1"]

1. e4 e6 2. d4 d5 3. Nc3 dxe4 4. Nxe4 Nd7 5. Nf3 Ngf6 6. Ng3 Be7 7. Bd3 0-0 8. 0-0 b6 9. Re1 Bb7 10. c3 c5 11. Qe2 cxd4 12. Nxd4 Nc5 13. Bc2 Qd5 14. Nf3 Rad8 15. c4 Qc6 16. Nf5 exf5 17. b4 Nce4 18. Ne5 Qc7 19. Nd3 Qxc4 20. f3 Bxb4 21. Nxb4 Qxb4 22. fxe4 Nxe4 23. Qe3 Qc3 24. Qxc3 Nxc3 25. Bxf5 Rfe8 26. Rxe8+ Rxe8 27. Bb2 Na4 28. Bd4 Bc8 29. Bc2 Nc5 30. Rc1 Ne6 31. Be3 g6 32. a4 Bd7 33. a5 bxa5 34. Ra1 a6 35. Rxa5 Bb5 36. Kf2 Rc8 37. Be4 Nc5 38. Bxc5 Rxc5 39. Bb7 Rf5+ 40. Ke3 Rf6 41. Ra2 Rd6 42. Ra3 Kf8 43. Ke4 Bc6+ 44. Bxc6 Rxc6 45. h3 f5+ 46. Kd5 Rf6 47. Rc3 Kg7 48. Ke5 Rb6 49. g4 fxg4 50. hxg4 Rb5+ 51. Ke6 Rb6+ 52. Ke5 Rb7 53. Rc6 Ra7 54. g5 a5 55. Kd4 a4 56. Rc2 a3 57. Ra2 h6 58. gxh6+ Kxh6 59. Ke4 Ra5 60. Kf4 g5+ 61. Kg4 Kg6 62. Kg3 Ra4 63. Kf3 Kf5 64. Kg3 g4 65. Kg2 Ke5 66. Kg3 Kd5 67. Kh4 Kc4 0-1

[Event "Ueckermuende op 6th"]
[Site "Ueckermuende"]
[Date "2007.09.01"]
[Round "2"]
[White "Ispirjan, Mikael"]
[Black "Hollender, Dirk"]
[Result "0-1"]
[WhiteElo "986"]
[BlackElo "1400"]
[PlyCount "52"]
[EventDate "2007.08.31"]
[EventType "swiss"]
[EventRounds "5"]
[EventCountry "GER"]
[SourceTitle "CBM 120 Extra"]
[Source "ChessBase"]
[SourceDate "2007.11.01"]
[SourceVersion "1"]
[SourceVersionDate "2007.11.01"]
[SourceQuality "1"]

1. e4 e5 2. Nf3 Nc6 3. Bb5 a6 4. Ba4 Nf6 5. c3 Bc5 6. 0-0 0-0 7. d4 exd4 8. cxd4 Ba7 9. Nc3 b5 10. Bc2 d6 11. h3 Re8 12. Re1 Bb7 13. a3 Ne7 14. Bg5 Ng6 15. Qe2 h6 16. Bd2 c5 17. d5 Nxd5 18. Nxd5 Bxd5 19. Rad1 Bb7 20. Bc3 Qc7 21. Qd3 Rad8 22. a4 b4 23. Bd2 c4 24. Qe2 a5 25. Rc1 d5 26. Qf1 d4 0-1